|
|
|
|
| LEADER |
00910nam a22001817a 4500 |
| 020 |
|
|
|a 1-85396-383-6
|
| 082 |
|
|
|a 658.1511
|b COO/M
|
| 100 |
|
|
|a Hugh Coombs
|9 176258
|
| 100 |
|
|
|a David Hobbs
|9 176259
|
| 100 |
|
|
|a Ellis Jenkin
|9 176260
|
| 245 |
|
|
|a Management accounting : principles and applications
|
| 260 |
|
|
|a New Delhi
|b SAGE Publications
|c 2005
|
| 300 |
|
|
|a xi+347p.
|
| 650 |
|
|
|a Managerial accounting
|9 176261
|
| 856 |
|
|
|u https://books.google.co.in/books?id=wFsC6TGhJvkC&printsec=frontcover&dq=Management+accounting+:+principles+and+applications+-+Hugh+Coombs&hl=en&sa=X&ved=0CCYQ6wEwAGoVChMIoJy4p9mgxwIVggaOCh1czwsj#v=onepage&q=Management%20accounting%20%3A%20principles%20and%20applications%20-%20Hugh%20Coombs&f=false
|
| 942 |
|
|
|c BK
|
| 999 |
|
|
|c 190632
|d 190628
|
| 952 |
|
|
|0 0
|1 0
|4 0
|6 658_151100000000000_COO_M
|7 0
|8 NFIC
|9 191251
|a SMBS
|b SMBS
|c GEN
|d 2015-08-11
|l 0
|o 658.1511 COO/M
|p SMBSR1466
|r 2015-08-11
|w 2015-08-11
|y REF
|